| 000 | 00987nam a2200301 a 4500 | ||
|---|---|---|---|
| 001 | 000045134 | ||
| 003 | DO-SdBNP | ||
| 005 | 20230801091219.0 | ||
| 007 | 000045134 | ||
| 008 | 150204s2011 dr a 000 j spa d | ||
| 020 | _a9945429000 | ||
| 040 |
_aBPMSU _bspa _cBPMSU |
||
| 082 | 4 |
_aCu863.5 _bP438d 2011 _222 |
|
| 100 | 1 |
_aPérez de la Iglesia, Janina _d1969- |
|
| 245 | 1 | 4 |
_aLos delfines están llorando. / _cJanina Pérez de la Iglesia; ilustraciones, Rafael Hutchinson. |
| 260 |
_aSanto Domingo : _bAlfaguara, _c2011 |
||
| 300 |
_a186 p. : _bil. ; _c21 cm. |
||
| 490 | 0 | _aAlfaguara infantil | |
| 500 | _aEstos ejemplares son la quinta reimpresión del 2011. | ||
| 500 | _aIncluye datos biografícos de la autora | ||
| 590 | _6Inventariado, 2023/VM | ||
| 650 | 4 | _aCuentos infantiles cubanos | |
| 650 | 4 | _aLiteratura infantil cubana | |
| 700 | 1 |
_aHutchinson, Rafael _eil. |
|
| 830 | 0 | _aAlfaguara infantil | |
| 910 | _aVMateo V. Control de calidad. BPMSU | ||
| 942 |
_2ddc _cBK |
||
| 999 |
_c7444 _d7444 |
||